000
00281nam a22001337a 4500
008
181102b xxu||||| |||| 00| 0 eng d
020
_a
080891829
041
_a
eng
080
_a
617
100
_a
6
101
_a
SHK
245
_a
Vascular Surgery
_c
Moore, W.S
942
_2
udc
_c
BK
999
_c
51740
_d
51740